In ten thousand places : dogma in a pluralistic church /

Bibliographic Details
Main Author: Crowley, Paul G.
Format: Book
Language:English
Published: New York : Crossroad, 1997.
Subjects:

MARC

Tag First Indicator Second Indicator Subfields
LEADER 00000cam a2200000 a 4500
001 in00001403691
005 20151020053130.0
008 970429s1997 nyu b 001 0 eng
010 |a  97020777  
020 |a 0824516982 (pbk.) 
035 |a (OCoLC)36865752 
035 |9 AHM7145AM 
040 |a DLC  |c DLC  |d TXA  |d UtOrBLW 
049 |a TXAM 
050 0 0 |a BT22  |b .C76 1997 
082 0 0 |a 230/.01  |2 21 
100 1 |a Crowley, Paul G. 
245 1 0 |a In ten thousand places :  |b dogma in a pluralistic church /  |c by Paul G. Crowley. 
264 1 |a New York :  |b Crossroad,  |c 1997. 
300 |a xix, 154 pages ;  |c 23 cm. 
336 |a text  |b txt  |2 rdacontent 
337 |a unmediated  |b n  |2 rdamedia 
338 |a volume  |b nc  |2 rdacarrier 
500 |a "A Crossroad Herder book." 
500 |a "A paperback original"--Cover. 
504 |a Includes bibliographical references (pages 143-151) and index. 
650 0 |a Dogma. 
650 0 |a Religious pluralism  |x Catholic Church. 
610 2 0 |a Catholic Church  |x Doctrines. 
999 |a MARS 
999 f f |s b7641e47-fe2c-3f1c-bebc-7e69f98a9dda  |i 85cd08fb-2322-3ae2-aba4-186f4c9bd9a6  |t 0 
952 f f |p ric  |a Texas A&M University  |b Rellis Campus  |c Joint Library Facility  |d Remote Storage  |t 0  |e BT22 .C76 1997  |h Library of Congress classification  |i unmediated -- volume  |m A14821549121 
998 f f |a BT22 .C76 1997  |t 0  |l Remote Storage